Countries of the World by Elevation - Statistics

General Stats
  • This quiz has been taken 94 times
  • The average score is 174 of 196
Answers on the Map
Answers color-coded by a green-red scale on the quiz's map according to % correct below.
 
Answer Stats
Hint Hint Country % Correct
143 66 Canada
98%
615.0 140.9 China
98%
556 185.9 India
98%
153 129 United States
98%
487.6 125.0 Azerbaijan
96%
443.4 81.2 Belarus
96%
266 294 Brazil
96%
439.0 64.8 Estonia
96%
437 52 Finland
96%
430 129 Greece
96%
248 242 Guyana
96%
478.8 149.9 Iraq
96%
533.0 100.0 Kazakhstan
96%
610.3 194.9 Laos
96%
438.0 70.6 Latvia
96%
434.3 76.3 Lithuania
96%
614.2 104.1 Mongolia
96%
597.0 188.5 Myanmar
96%
665.7 127 North Korea
96%
401.7 57 Norway
96%
248.9 339.7 Paraguay
96%
577 52 Russia
96%
450.6 96.0 Ukraine
96%
624.3 219.9 Vietnam
96%
425.5 124.0 Albania
94%
414.2 100.9 Austria
94%
437.8 117.9 Bulgaria
94%
616.0 219.1 Cambodia
94%
433.0 267.2 Democratic Republic of the Congo
94%
386 105 France
94%
404.0 89.9 Germany
94%
424.4 103.1 Hungary
94%
635.5 264 Indonesia
94%
416.4 124.2 Italy
94%
693.3 140.0 Japan
94%
402.0 103.1 Liechtenstein
94%
569.8 166.5 Nepal
94%
509.33 187.2 Oman
94%
423.6 87.1 Poland
94%
482.1 179.9 Saudi Arabia
94%
413.0 106.5 Slovenia
94%
449.6 239.5 South Sudan
94%
372 127.5 Spain
94%
254.4 248.1 Suriname
94%
608.0 207.9 Thailand
94%
513.0 130.6 Turkmenistan
94%
377 86 United Kingdom
94%
254.9 370.2 Uruguay
94%
528.0 149.2 Afghanistan
92%
384.2 167.2 Algeria
92%
234.0 373.0 Argentina
92%
583.0 181.8 Bangladesh
92%
391.0 91.0 Belgium
92%
180.9 203.6 Belize
92%
236.0 319.0 Bolivia
92%
427.6 239.0 Central African Republic
92%
418.0 108.0 Croatia
92%
414.0 93.8 Czechia
92%
221 197 Dominican Republic
92%
447.0 171.3 Egypt
92%
177.4 210.0 Guatemala
92%
501.3 152.5 Iran
92%
363.0 82.5 Ireland
92%
465.8 259.9 Kenya
92%
487.0 162.9 Kuwait
92%
548.0 122.0 Kyrgyzstan
92%
419.3 172.9 Libya
92%
377 202.2 Mali
92%
354 195.5 Mauritania
92%
151.0 182.0 Mexico
92%
467 309.5 Mozambique
92%
393 86.9 Netherlands
92%
403.3 203.9 Niger
92%
535.7 164.2 Pakistan
92%
361.7 127.6 Portugal
92%
495.7 176.2 Qatar
92%
416.9 260.5 Republic of the Congo
92%
436.7 107.1 Romania
92%
427.6 113.0 Serbia
92%
423.0 98.0 Slovakia
92%
669 139 South Korea
92%
398.4 103.5 Switzerland
92%
460.3 130.6 Turkiye
92%
502.0 182.5 United Arab Emirates
92%
525 122.5 Uzbekistan
92%
488.3 208.2 Yemen
92%
683.0 342.0 Australia
90%
494.3 174.0 Bahrain
90%
584.1 169.4 Bhutan
90%
421.0 113.0 Bosnia and Herzegovina
90%
435.0 336.1 Botswana
90%
638.6 246.1 Brunei
90%
422.6 209.4 Chad
90%
218 384 Chile
90%
216.3 247.5 Colombia
90%
401.5 73.5 Denmark
90%
204.0 265.5 Ecuador
90%
180.4 215.0 El Salvador
90%
479 120 Georgia
90%
218 196 Haiti
90%
184.5 210.7 Honduras
90%
610.3 247.2 Malaysia
90%
776.7 391.9 New Zealand
90%
188.2 218.1 Nicaragua
90%
398.0 230.8 Nigeria
90%
198 232.5 Panama
90%
703.7 282.4 Papua New Guinea
90%
208 292 Peru
90%
431 365 South Africa
90%
562 235.3 Sri Lanka
90%
414.3 60.5 Sweden
90%
467.0 143.0 Syria
90%
545.2 133.5 Tajikistan
90%
459.1 282.5 Tanzania
90%
401 148 Tunisia
90%
232 235 Venezuela
90%
420.0 301.2 Angola
88%
480.5 125.0 Armenia
88%
385.7 225.0 Benin
88%
476.4 221.6 Djibouti
88%
466.3 209.2 Eritrea
88%
451.3 350.1 Eswatini
88%
470.0 234.2 Ethiopia
88%
406.5 264 Gabon
88%
353.3 224.2 Guinea
88%
347.7 220.3 Guinea-Bissau
88%
368.0 235.9 Ivory Coast
88%
427.5 118.5 Kosovo
88%
444.0 360.5 Lesotho
88%
359.2 239.6 Liberia
88%
486.0 324.3 Madagascar
88%
456.0 307.0 Malawi
88%
444.4 102.0 Moldova
88%
366.0 153.5 Morocco
88%
429.5 121.7 North Macedonia
88%
657 220.6 Philippines
88%
347 212 Senegal
88%
354.0 232.9 Sierra Leone
88%
488 230 Somalia
88%
448.5 209.5 Sudan
88%
652.9 182.1 Taiwan
88%
383.0 232.4 Togo
88%
453.1 256.6 Uganda
88%
447.0 325.0 Zimbabwe
88%
209.0 180.9 Bahamas
85%
447.8 272.6 Burundi
85%
192.0 228.0 Costa Rica
85%
206.0 190.2 Cuba
85%
782.9 320.1 Fiji
85%
378.2 234.5 Ghana
85%
341 43 Iceland
85%
459.0 157.0 Israel
85%
462.3 158.9 Jordan
85%
545.9 248.9 Maldives
85%
423.7 117.8 Montenegro
85%
447.8 267.7 Rwanda
85%
438 310 Zambia
85%
384.0 118.7 Andorra
83%
377.0 219.0 Burkina Faso
83%
479.4 301.4 Comoros
83%
455.3 143.7 Cyprus
83%
404.0 255.8 Equatorial Guinea
83%
206 200.2 Jamaica
83%
394.3 94.2 Luxembourg
83%
397.2 114.5 Monaco
83%
418 328 Namibia
83%
408.5 113.9 San Marino
83%
506.5 276 Seychelles
83%
408.5 120.7 Vatican City
83%
407.0 247.0 Cameroon
81%
717.7 235.2 Federated States of Micronesia
81%
21.0 272.0 Kiribati
81%
510.1 329.1 Mauritius
81%
680.5 241.3 Palau
81%
802.8 307.7 Samoa
81%
742.1 295.0 Solomon Islands
81%
798.1 328.7 Tonga
81%
759 318.6 Vanuatu
81%
326.7 206.9 Cape Verde
79%
461.7 146.8 Lebanon
79%
760.6 232.2 Marshall Islands
79%
755 264 Nauru
79%
243.2 214.6 Saint Lucia
79%
395.5 260.6 São Tomé and Príncipe
79%
785 295.3 Tuvalu
79%
664.3 290.8 East Timor
77%
344 216 Gambia
77%
412.9 141.1 Malta
77%
239.4 203.4 Saint Kitts and Nevis
77%
241.4 204.0 Antigua and Barbuda
75%
246.5 217.0 Barbados
75%
241.6 220.6 Grenada
75%
242.7 216.8 Saint Vincent and the Grenadines
75%
242.5 226.6 Trinidad and Tobago
75%
242.4 209.5 Dominica
69%
614.2 256.7 Singapore
67%
No matching quizzes found
Score Distribution
Percent of People with Each Score
Percentile by Number Answered
Your Score History
You have not taken this quiz